000 00301nam a2200121Ia 4500
008 230303s9999 xx 000 0 und d
041 _aeng
082 _a621.3880401 GUL
100 _aGULATI (R.R.)
245 _aColor Television : Principles and Practice
260 _aNew Delhi
_bTMH
365 _cRS
999 _c173938
_d173938